000 01370cam a22001934a 4500
005 20250605163934.0
008 250528s ||||||||||||||||||||||||d
035 _a14806
020 _a9600106061
040 _aGR-AtMCL
_bgre
_dGR-AtMCL
_eAACR2
245 1 _aΘεωρίες της Κοινωνικής Ψυχολογίας.
_nΤόμος ΙΙ
260 _bGutenberg,
_c1996
300 _a184
520 _aΤο παρόν βιβλίο αποτελεί τον δεύτερο τόμο της σειράς ''Κοινωνικοψυχολογικές Προσεγγίσεις στην Εκπαίδευση - Διαπολιτισμική Αγωγή''. Πρόλογος, Συγκινησιακές Διαδικασίες στις Κοινωνικές Αλληλεπιδράσεις, Κοινωνικές και Κοινωνικοψυχολογικές Θεωρίες της Ταυτότητας, Υποκειμενική Ταυτότητα και Αυτοβιογραφικές Θεωρίες, Η Θεωρία των Συγκινήσεων, Η Θεωρία της Αυτοαντίληψης ή Αυτοπαρατήρησης, Ψυχολογία της Ηγεσίας: Θεωρίες και Εμπειρικά Ευρήματα, Βιβλιογραφία.
700 1 _aΓεωργογιάννης Παντελής
_9567
942 _cBK
999 _c422
_d422